Language Quiz

Random Language or Letter Quiz
Score 0/78 Timer 10:00
0 Plays Today
Hint Word % Correct
Aace
98%
Dduck
96.8%
Ddoe
95.6%
Ccry
95%
Iiris
92.1%
CCupid
91.8%
Aacorn
91.5%
Oocean
90.9%
Rred
90.6%
Ggum
90.4%
IIvy
90.3%
Uuno
89.8%
Pprom
89%
Uurban
88.9%
BBabe
88.7%
Yyen
88.6%
Bbacon
88.3%
Ppasta
88.1%
Llove
88.1%
Eeven
88%
RRome
87%
Qquill
86.5%
JJell-O
86%
Bbro
85.9%
Ooar
85.4%
Mmad
85.3%
Wwatt
84.9%
Hhawk
84.5%
Nnumb
83.3%
TTNT
82.8%
Wwhale
82.2%
Jjump
82.2%
Ffable
81.6%
XXena
81.2%
MMario
80.5%
Hhug
80.3%
Hhaiku
79.9%
Rrabbi
79.8%
Llip
79.5%
Hint Word % Correct
Uunit
79.3%
Zzinc
79.3%
Vveto
78.5%
Vvat
78.2%
Ttaxi
78.2%
ZZen
78.1%
Yyoga
78.1%
Qquiz
77.4%
Xxenon
77.3%
Ggrim
77.2%
SShaq
76.8%
Aarmy
76.5%
Jjaw
75.3%
Ssoy
75.1%
TTarot
74.8%
Iigloo
71.7%
OOman
71.2%
XXVI
70.9%
Kkayak
69.9%
EElf
69.6%
Sspell
67.2%
KKhan
67.1%
Gghost
65.1%
Nnavel
65%
Ppew
61.9%
FFez
61.8%
WWho
59.4%
Eessay
58.2%
Vvoice
56.2%
Nnit
55.9%
ZZaire
54.3%
Fflan
52.2%
DDevil
51.6%
Llimbo
47.8%
CCobb
44.8%
KKew
34.2%
YYakko
30.9%
QQED
29%
MMyst
19.3%
Remove Ads.
Support Sporcle.
Get the best of Sporcle when you Go Orange. This ad-free experience offers more features, more stats, and more fun while also helping to support Sporcle. Thank you for becoming a member.

You're not logged in!

Compare scores with friends on all Sporcle quizzes.
OR
Log In

Sporcle TV

Today on Sporcle TV


Watch our educational content, quiz creation guides, and fun videos on Sporcle TV.

Show Comments

Extras

Top Quizzes Today


Score Distribution

Paid Content

Your Account Isn't Verified!

In order to create a playlist on Sporcle, you need to verify the email address you used during registration. Go to your Sporcle Settings to finish the process.

Report this User

Report this user for behavior that violates our Community Guidelines.

Details: